PULP & paper industry & research in Peninsular Malaysia

Bibliographic Details
Other Authors: Peh
Format: Book
Published: Kuala Lumpur : Institut Penyelidikan Perhutanan Malaysia , l986
Series:Malayan forest records; n. 3l
Subjects:

MARC

LEADER 00000cam a2200000 7i4500
001 0000000490
005 20021010.0
090 0 0 |a 676.072   |b PUL 1986 
245 0 0 |a PULP & paper industry & research in Peninsular Malaysia   |c by Peh Teik Bin ... [et al] 
260 0 0 |a Kuala Lumpur :   |b Institut Penyelidikan Perhutanan Malaysia ,   |c l986 
300 |a l3l p. :   |b ill. ;   |c 23 cm. 
440 0 0 |a Malayan forest records; n. 3l 
500 0 0 |a Bibliography: [p. 22-23] 
650 0 0 |a Paper industry   |x Research   |z Peninsular Malaysia 
650 0 0 |a Pulp mills   |z Research   |z Peninsular Malaysia 
700 0 1 |a Peh   |h Teik Bin 
998 |a JPSM 
999 |a 0000000108   |b Monograph   |c Reference   |e Default branch 
999 |a 0000000109   |b Monograph   |c Open Shelf   |e Default branch 
999 |a 0000000110   |b Monograph   |c Open Shelf   |e Default branch 
999 |a 0000000111   |b Monograph   |c Open Shelf   |e Default branch 
999 |a 0000003468   |b Monograph   |c Open Shelf   |e Default branch 
999 |a 0000004718   |b Monograph   |c Open Shelf   |e Default branch